Klasifikace a zkoušení maziv
Gespeichert in:
| 1. Verfasser: | |
|---|---|
| Weitere Verfasser: | |
| Format: | Buch |
| Sprache: | Tschechisch |
| Veröffentlicht: |
Praha
Český normalizační institut
2006
|
| Schlagworte: | |
| Online-Zugang: | Im OPAC anzeigen |
| Tags: |
Keine Tags, Fügen Sie das erste Tag hinzu!
|
MARC
| LEADER | 00000nam a2200000 a 4500 | ||
|---|---|---|---|
| 005 | 20260127134356.0 | ||
| 008 | 070925 2006 xr 000 0 cze d | ||
| 020 | |a 8072732220 | ||
| 035 | |a vtls009143512 | ||
| 039 | 9 | |a 201604271524 |b AUTHORITY |y 200709251344 |z mschk02 | |
| 040 | |a STUSCHK1 |b slo |c STUSCHK1 |e AACR2 | ||
| 080 | |a 621.892 | ||
| 100 | 1 | |a Třebický, Vladimír | |
| 245 | 1 | |a Klasifikace a zkoušení maziv |c Vladimír Třebický, Alice Kotlánová | |
| 260 | |a Praha |b Český normalizační institut |c 2006 | ||
| 300 | |a 20 s. | ||
| 650 | 0 | |a mazadlá | |
| 700 | 1 | |a Kotlánová, Alice | |
| 910 | |a SCHK95 | ||
| 919 | |a 80-7273-222-0 | ||
| 999 | |c 11204 |d 11204 | ||